000 01005cpcaa2200277 a 4500
001 mm 80002073
003 DLC
005 20260227111659.0
008 800115|||||||||||| eng
010 _amm 80002073
040 _aDLC
_cDLC
_dDLC
_edacs
072 7 _aL
_2lcmd
100 1 _aWalker, James,
_d1794-1874.
245 0 0 _aJames Walker correspondence,
_f1829 November 29.
300 _a1
_fitem.
506 0 _aOpen to research.
520 8 _aALS written by Walker to Elizabeth Palmer Peabody concerning her public readings from her works.
545 0 _aClergyman and educator.
546 _aCollection material in English.
580 _aForms part of: Miscellaneous Manuscripts collection.
600 1 0 _aPeabody, Elizabeth Palmer,
_d1804-1894
_vCorrespondence.
650 0 _aOral interpretation.
656 7 _aClergy.
_2itoamc
656 7 _aEducators.
_2itoamc
999 _c42447
_d42447